Cultura General - Estadísticas

Estadísticas generales
  • Esta prueba ha sido intentada 211 veces
  • La puntuación promedio es 11 de 20
Estadísticas de respuestas
Pregunta Respuesta % Correcto
Capital de Japon Tokio
100%
Cuanto es 569+433 1002
94%
Cuantas guerras mundiales hubo después de 1930 1
84%
cuanto es 341-566 -225
79%
Cual es el país con mas mundiales de futbol (tanto masculino como femenino) Brasil
76%
Quien creo la escultura llamada "piedad" Miguel Angel
74%
El primer mundial de futbol, en que año fue? 1930
65%
Cual de estos es el jugador con mas goles Cristiano Ronaldo
63%
Cuantos mundiales de futbol tiene Inglaterra 1
61%
Cuales de estos países no es reconocido por todos los países del mundo Israel
52%
Cual es el país con mas patrimonios culturales Italia
50%
Quien invento la "maquina voladora" Leonardo Da Vinci
50%
Cuanta población tiene Argentina 45-50 Millones
48%
Que país de estos no tiene idioma oficial Suiza
48%
Cual de estos Países no tiene salida al mar Uzbekistan
37%
Cual es el planeta mas raro del sistema solar (según la NASA) Venus
26%
En que país se creo el futbol (según el descubrimiento) China
24%
En que año se independizo la primera institucion de el tercer pais mas antigua de america (colombia) 1810
19%
Cual de estos no es un estado Colombiano Cartagena
16%
En cual de estos países hay una maravilla del mundo Inglaterra
2%
No se encontraron pruebas coincidentes
Distribución de puntuación
Porcentaje de gente con cada puntuación
Porcentaje por número respondido
Historial de tus puntuaciones
No has intentado esta prueba.